000 01702nam a2200289Ia 4500
001 C0254
003 IT-RoPAU
008 130308s9999 xx 000 0 und d
040 _aIT-RoPAU
040 _cIT-RoPAU
041 _aITALIANO
100 _aCampbell Joseph
100 _gCodice Aut. SPICS: 39893
245 _aMiti per vivere sulla terra e sulla Luna, in guerra , in pace , in amore
245 _bMiti per vivere Sulla terra e Sulla Luna, in Guerra, in Pace, in Amore
250 _a1a ed.
260 _aCOMO
260 _bRED Edizioni
260 _c1990 [1° Ed.:1990 - Ed.Ling.Originale:1972]
300 _a"158 p. (prefazione: no ; testo: 158 [pagine: 0-0])"
500 _aRaccolta di Saggi scritti in Tempi Diversi:L'Impatto della Scienza Sul Mito (The impact Of Science On Myth) del 1961.La mitologia dell'amore (The Mythology Of Love) del 1967.Mitologie di Guerra e di Pace (Mythologies Of War And Peace) del 1967.Schizofrenia: Il Viaggio Verso L'Interno (Schizofrenia The Inward Journey)Del 1970.La Passeggiata Sulla Luna: Il Viaggio Verso L'Esterno (The Moon Walk, The Outward Journey) del 1970.Commiato: senza Piu' Confini (Envoy: No More Horizons) del 1971.L'Autore Delinea in Questo Libro gli Orizzonti del Nostro vivere quotidiano in Cui maggiormente si Palesa un legame con le Diverse Tradizioni del Passato, Scopre I Residui del Mito nelle nostre Azioni, Nei Nostri Sentimenti,Neu Labirinti della Psiche. Risponde Alle Domande: Il Mito Fa Ancora Partedell'Esperienza della Modernita'? in che Modo Agisce sull'uomo D'Oggi? Seguendo Quali Percorsi?
650 _aANTROPOLOGIA
650 _eCodice materia Spics: 3501
942 _cBK
957 _71
999 _c88397
_d88397
999 _g1